000
00372nam a2200133Ia 4500
008
200619s9999 xx 000 0 und d
020
_a
9800000000000
100
_a
Engineer Asghar Ali
245
0
_a
Muslim Minority Continuity & Change
264
_b
Gyan Publishing House
_c
2008
300
_a
208
942
_c
IR
999
_c
120366
_d
120366